Ювенильное море: повести, роман; Ювенильное море; Котлован; Чевенгур
| Hovedforfatter: | |
|---|---|
| Andre forfattere: | |
| Sprog: | russisk |
| Udgivet: |
Москва, Современник, 1988
|
| TOC: | Ювенильное море; Котлован; Чевенгур; |
| Fag: | |
| Format: | MixedMaterials Bog |
| KOHA link: | https://koha.lib.tpu.ru/cgi-bin/koha/opac-detail.pl?biblionumber=114743 |
MARC
| LEADER | 00000nam0a2200000 4500 | ||
|---|---|---|---|
| 001 | 114743 | ||
| 005 | 20231101215219.0 | ||
| 010 | |a 5270000946 | ||
| 020 | |a RU |b 88-63903 | ||
| 035 | |a (RuTPU)RU\TPU\book\124096 | ||
| 090 | |a 114743 | ||
| 100 | |a 20070425d1988 m y0rusy5003 ca | ||
| 101 | 0 | |a rus | |
| 102 | |a RU | ||
| 105 | |a c z 000zy | ||
| 200 | 1 | |a Ювенильное море |e повести, роман |f А. П. Платонов |g авт. предисл. Н. Иванова | |
| 210 | |a Москва |c Современник |d 1988 | ||
| 215 | |a 558,[2] с., [1] л. портр. |d 22 см | ||
| 464 | |t Ювенильное море | ||
| 464 | |t Котлован | ||
| 464 | |t Чевенгур | ||
| 610 | 1 | |a советская литература | |
| 610 | 1 | |a повести | |
| 610 | 1 | |a романы | |
| 675 | |a Р2 |z rus |v 3 | ||
| 700 | 1 | |a Платонов |b А. П. |c русский писатель |f 1899-1951 |g Андрей Платонович |2 stltpush |3 (RuTPU)RU\TPU\pers\1710 |9 714 | |
| 702 | 1 | |a Иванова |b Н. |g Наталья |4 080 | |
| 801 | 0 | |a RU |b RuMRKP |c 19950417 |g psbo | |
| 801 | 1 | |a RU |b 63413507 |c 20070425 |g PSBO | |
| 801 | 2 | |a RU |b 63413507 |c 20180621 |g PSBO | |
| 942 | |c BK | ||